Gender images : Readings for composition
The sections in this manual will provide you with a number of ideas for class discussion, critical thinking, and writing to encourage such inquiry.
Wedi'i Gadw mewn:
| Prif Awdur: | |
|---|---|
| Fformat: | Llyfr |
| Iaith: | Undetermined |
| Cyhoeddwyd: |
Boston
Houghton Mifflin
1992
|
| Pynciau: | |
| Tagiau: |
Ychwanegu Tag
Dim Tagiau, Byddwch y cyntaf i dagio'r cofnod hwn!
|
| Thư viện lưu trữ: | Trung tâm Học liệu Trường Đại học Cần Thơ |
|---|
| LEADER | 00748nam a2200217Ia 4500 | ||
|---|---|---|---|
| 001 | CTU_186071 | ||
| 008 | 210402s9999 xx 000 0 und d | ||
| 082 | |a 808.0427 | ||
| 082 | |b C156 | ||
| 100 | |a Callaghan, Patsy | ||
| 245 | 0 | |a Gender images : | |
| 245 | 0 | |b Readings for composition | |
| 245 | 0 | |c Patsy Callaghan, Judith Kleck, Terry Martin | |
| 260 | |a Boston | ||
| 260 | |b Houghton Mifflin | ||
| 260 | |c 1992 | ||
| 520 | |a The sections in this manual will provide you with a number of ideas for class discussion, critical thinking, and writing to encourage such inquiry. | ||
| 650 | |a English language,Tiếng Anh | ||
| 650 | |x Rhetoric,Tu từ học | ||
| 910 | |a Hải | ||
| 980 | |a Trung tâm Học liệu Trường Đại học Cần Thơ | ||